000 00511nam a2200181Ia 4500
005 20250326124726.0
008 250326s9999 xx 000 0 und d
037 _aTextbook
040 _aFMSL
_beng
_cFMSL
041 _aeng
_2eng
084 _aX:87.44 L9
_qFMSL
100 _aSingh P
245 0 _aOccupational values and styles of Indian managers
_cSingh P
260 _aNew Delhi
_bNew Delhi, Wiley Eastern
_c1979
300 _a150p
942 _cTB
_hX:87.44 L9
999 _c1274938
_d1274938